书目信息 |
| 题名: |
自保温混凝土复合砌块墙体应用技术规程
|
|
| 作者: | 王云新 , 中华人民共和国住房和城乡建设部批准 起草 ;福建省建筑科学研究院 , 江苏省建筑科学研究院有限公司 主编 ;中国 批准 | |
| 分册: | ||
| 出版信息: | 北京 中国建筑工业出版社 2014 |
|
| 页数: | 57页 | |
| 开本: | 21cm | |
| 丛书名: | 中华人民共和国行业标准 | |
| 单 册: | ||
| 中图分类: | TU522.3-65 | |
| 科图分类: | ||
| 主题词: | 混凝土--hun ning tu--保温砌块--应用技术--行业标准--中国 | |
| 电子资源: | ||
| ISBN: | ||
| 000 | 01871nam 2200361 450 | |
| 001 | 142500 | |
| 005 | 20141221155353.64 | |
| 010 | @dCNY 11.00 | |
| 091 | @a15112·23872@dCNY11.00 | |
| 094 | @aCN@bJGJ/T 323-2014 | |
| 094 | @aCN@b备案号J 1738-2014 | |
| 099 | @aCAL 012014137825 | |
| 100 | @a20141110d2014 ekmy0chiy50 ea | |
| 101 | 0 | @achi |
| 102 | @aCN@b110000 | |
| 105 | @aak l 000yy | |
| 200 | 1 | @a自保温混凝土复合砌块墙体应用技术规程@AZi Bao Wen Hun Ning Tu Fu He Qi Kuai Qiang Ti Ying Yong Ji Shu Gui Cheng@d= Technical specification for application of self-insulation concrete compound block walls@f中华人民共和国住房和城乡建设部批准@Fzhong hua ren min gong he guo zhu fang he cheng xiang jian she bu pi zhun@zeng |
| 210 | @a北京@c中国建筑工业出版社@d2014 | |
| 215 | @a57页@c图@d21cm | |
| 225 | 2 | @a中华人民共和国行业标准@AZhong Hua Ren Min Gong He Guo Hang Ye Biao Zhun |
| 300 | @a本规程2014-02-10由中华人民共和国住房和城乡建设部发布 ; 2014-10-01实施. | |
| 314 | @a本规程主编单位: 福建省建筑科学研究院, 江苏省建筑科学研究院有限公司 ; 主要起草人: 王云新 ... [等] | |
| 410 | 0 | @12001@a中华人民共和国行业标准 |
| 510 | 1 | @aTechnical specification for application of self-insulation concrete compound block walls@zeng |
| 606 | 0 | @a混凝土@Ahun ning tu@x保温砌块@x应用技术@x行业标准@y中国 |
| 690 | @aTU522.3-65@v5 | |
| 701 | 0 | @a王云新@AWang Yun Xin@4起草 |
| 701 | 0 | @a中华人民共和国住房和城乡建设部批准@Azhong hua ren min gong he guo zhu fang he cheng xiang jian she bu pi zhun |
| 711 | 02 | @a福建省建筑科学研究院@AFu Jian Sheng Jian Zhu Ke Xue Yan Jiu Yuan@4主编 |
| 711 | 02 | @a江苏省建筑科学研究院有限公司@AJiang Su Sheng Jian Zhu Ke Xue Yan Jiu Yuan You Xian Gong Si@4主编 |
| 712 | 01 | @a中国@Azhong guo@b住房和城乡建设部@Bzhu fang he cheng xiang jian she bu@4批准 |
| 801 | 0 | @aCN@bXMU@c20141221 |
| 905 | @a241430@dTU522.3-65@eZ911 | |
| 自保温混凝土复合砌块墙体应用技术规程= Technical specification for application of self-insulation concrete compound block walls/中华人民共和国住房和城乡建设部批准.-北京:中国建筑工业出版社,2014 |
| 57页:图;21cm.-(中华人民共和国行业标准) |
| 本规程2014-02-10由中华人民共和国住房和城乡建设部发布 ; 2014-10-01实施. |
| ISBN :CNY 11.00 |
| ● |
| 相关链接 |
|
|
|
正题名:自保温混凝土复合砌块墙体应用技术规程
索取号:TU522.3-65/Z911
 
预约/预借
| 序号 | 登录号 | 条形码 | 馆藏地/架位号 | 状态 | 备注 |
| 1 | 1135096 | 211350964 | 建筑库201/201建筑库 7排1列5层/ [索取号:TU522.3-65/Z911] | 在馆 | |
| 2 | 1135097 | 211350973 | 建筑库201/201建筑库 7排1列5层/ [索取号:TU522.3-65/Z911] | 在馆 | |
| 3 | 1135098 | 211350982 | 建筑库201/201建筑库 8排3列2层/ [索取号:TU522.3-65/Z911] | 在馆 |